| 000 | 00488 a2200169 4500 | ||
|---|---|---|---|
| 020 | _a3527405569 | ||
| 020 | _a9783527405565 | ||
| 082 | _a523.482 | ||
| 090 |
_c1602 _d1602 |
||
| 100 | 1 | _aStern, Alan. | |
| 245 | 1 | 0 |
_aPluto and charon : _bice worlds on the ragged edge of the solar system / _cAlan Stern, Jacqueline Mitton. |
| 250 | _a2nd ed. | ||
| 260 |
_a[S.l.] : _bWiley-VCH, _c2005. |
||
| 300 |
_a257 p. ; _c22 cm. |
||
| 700 | 1 | _aMitton, Jacqueline. | |
| 942 |
_aSNS _cBK _k523.482 STE |
||
| 999 |
_c355684 _d355684 |
||